000 00904nam0a22002411 4500
001 rc\2791575
005 20260406204807.0
035 _a(NLR Aleph) 006917686
090 _a7413383
_c7413383
100 _a20110915d1935 |||y0rusy50 ca
101 0 _arus
102 _aRU
105 _ay z |||||
200 1 _aПоложение о ватерном комплектном поммастере и инструкция по его работе...
_f... Цитлегпром
210 _aМосква
_aЛенинград
_cГизлегпром
_d1935
_eМосква
_gтип. им. Сталина
215 _aОбл., 29, [2] с.
_d14х11 см.
710 0 2 _aЦНИИ труда легкой промышленности
_cМосква
_3RU\NLR\AUTH\889965257
_9426756
801 0 _aRU
_bNLR
_gpsbo
801 1 _aRU
_bELAR
_2rusmarc
852 _aNLR
_j34-8/3658
942 _cBOOK
980 _aNB